| 000 | 00618nam 22001933 4500 | ||
|---|---|---|---|
| 001 | 198962 | ||
| 010 | _a972-41-2079-1 | ||
| 021 |
_aPT _b136249/99 |
||
| 090 | _a198962 | ||
| 100 | _a20251111d u||y0pory50 ba | ||
| 200 |
_aO computador _ejanelas para ver as coisas por dentro _fprojecto de Carlo A. Michelini, texto de Giovanna Mantegazza _gilustrações Donata Montanari |
||
| 210 |
_a[Porto] _cEdições Asa _dD. L. 1999 |
||
| 215 |
_a[16] p. _cil. ; cartonado _d28 cm |
||
| 606 |
_9235 _aLiteratura infantil |
||
| 610 | _acomputador | ||
| 675 |
_a821-93 _vPT _zpor |
||
| 801 |
_aPT _bBMMN _gRPC |
||
| 830 | _cIsabel | ||
| 990 | _cLIVROS | ||